Els Documents d'Andorra als Arxius Departamentals dels Pirineus Orientals / Domènec Bascompte Grau
ISBN:
99920-0-071-6
Publicado:
Andorra la Vella :
Arxiu Històric Nacional, Dept. de Cultura, Ministeri d'Afers Socials i Cultura ,
1994
Descripción Física:
150 p. : il. ; 24 cm
Colección:
Arxius estrangers ; 1
MARC
| LEADER | 00000nam a2200000Ia 4500 | ||
|---|---|---|---|
| 001 | 10715 | ||
| 003 | BGR | ||
| 005 | 20260324175420.0 | ||
| 008 | 160829s1994 xx 000 0 cat d | ||
| 020 | |a 99920-0-071-6 | ||
| 080 | |a A-1-235 | ||
| 100 | |a Bascompte Grau, Domènec |9 26168 | ||
| 245 | |a Els Documents d'Andorra als Arxius Departamentals dels Pirineus Orientals / Domènec Bascompte Grau | ||
| 260 | |a Andorra la Vella : |b Arxiu Històric Nacional, Dept. de Cultura, Ministeri d'Afers Socials i Cultura, |c 1994 | ||
| 300 | |a 150 p. : |b il. ; |c 24 cm | ||
| 490 | |a Arxius estrangers ; 1 | ||
| 590 | |a Bibliografia. | ||
| 590 | |a Índex | ||
| 650 | |a Documents públics |x Andorra |9 26199 | ||
| 650 | |a Arxius |x Pirineus Orientals |9 32610 | ||
| 650 | |a Andorra |x Història |x Fonts |9 32612 | ||
| 651 | 0 | |a Andorra |v Bibliografia |9 56054 | |
| 710 | 1 | |a Arxiu Nacional d'Andorra |9 70452 | |
| 901 | |a Arxiu | ||
| 942 | |n 1 |2 udc |c MON | ||
| 952 | |0 0 |1 0 |4 0 |6 A1235 |7 1 |9 46049 |a Arxiu |b Arxiu |d 2016-12-01 |l 0 |o A-1-235 |p 10715 |r 2016-12-01 00:00:00 |w 2016-12-01 |y ARXIU | ||
| 999 | |c 49550 |d 49550 | ||